| 000 | 00601nam a2200205Ia 4500 | ||
|---|---|---|---|
| 005 | 20250508164653.0 | ||
| 008 | 008 250505s9999 xx 000 0 hin d | ||
| 020 | _a978-81-89868-09-3 | ||
| 037 | _aTextual | ||
| 040 |
_aFEDL _beng _cFEDL |
||
| 041 |
_ahin _2eng |
||
| 084 |
_a891.433, BOR _qFEDL |
||
| 100 |
_aBorovski Tadyush _9778821 |
||
| 245 | 0 | _aGas-chamber ke lye krupya is taraf: Nazi yatana shivir ki kahaniyan | |
| 260 |
_aMeerut India _bSamvad Prakashan _c2006 |
||
| 300 | _a127p. | ||
| 365 |
_aINR _b150 |
||
| 942 |
_cTEXL _h891.433, BOR |
||
| 999 |
_c1390463 _d1390463 |
||